Environmental And Ecological Aspects Of Crop Production / (Record no. 520)

MARC details
000 -LEADER
fixed length control field 01027nam a22002537a 4500
001 - CONTROL NUMBER
control field BD-DhSAU 520
003 - CONTROL NUMBER IDENTIFIER
control field BD-DhSAU
005 - DATE AND TIME OF LATEST TRANSACTION
control field 20150101024844.0
008 - FIXED-LENGTH DATA ELEMENTS--GENERAL INFORMATION
fixed length control field 150101b2007 ii a|||| |||| 001 0 eng d
040 ## - CATALOGING SOURCE
Transcribing agency BD-DhSAU
082 ## - DEWEY DECIMAL CLASSIFICATION NUMBER
Edition number 22
Classification number 577.1
Item number AHE
100 ## - MAIN ENTRY--PERSONAL NAME
Personal name Ahlluwalia, Vikas
245 ## - TITLE STATEMENT
Title Environmental And Ecological Aspects Of Crop Production
Statement of responsibility, etc. Vikas Ahlluwalia
260 ## - PUBLICATION, DISTRIBUTION, ETC. (IMPRINT)
Place of publication, distribution, etc. New Delhi:
Name of publisher, distributor, etc. Goyal Publishing House;
Date of publication, distribution, etc. 2007.
300 ## - PHYSICAL DESCRIPTION
Extent viii, 292 p.
Other physical details ill.
Dimensions 24 cm
500 ## - GENERAL NOTE
General note Remarkable changes in agriculture practices and in creased crop production in last few decades, the ever multiplying numbers of undernourished people continue to place huge demands on agro systems for more food.
504 ## - BIBLIOGRAPHY, ETC. NOTE
Bibliography, etc Includes bibliography and index.
590 ## - Name of Cataloguer
Name of Cataloger zarar
650 ## - SUBJECT ADDED ENTRY--TOPICAL TERM
Topical term or geographic name as entry element Agronomy
650 ## - SUBJECT ADDED ENTRY--TOPICAL TERM
Topical term or geographic name as entry element Environment
Geographic subdivision India.
650 ## - SUBJECT ADDED ENTRY--TOPICAL TERM
Topical term or geographic name as entry element Ecology
Geographic subdivision India.
650 ## - SUBJECT ADDED ENTRY--TOPICAL TERM
Topical term or geographic name as entry element Crop production
Geographic subdivision India.
856 ## - ELECTRONIC LOCATION AND ACCESS
Uniform Resource Identifier <a href="https://books.google.com.bd/books?id=1QDKygAACAAJ&dq=8189253549&hl=en&sa=X&ei=OiSlVPvHJoiXuASO0oLoCQ&ved=0CB0Q6AEwAA">https://books.google.com.bd/books?id=1QDKygAACAAJ&dq=8189253549&hl=en&sa=X&ei=OiSlVPvHJoiXuASO0oLoCQ&ved=0CB0Q6AEwAA</a>
942 ## - ADDED ENTRY ELEMENTS (KOHA)
Source of classification or shelving scheme Dewey Decimal Classification
Koha item type Book
Holdings
Withdrawn status Lost status Source of classification or shelving scheme Damaged status Not for loan Collection code Home library Branch Name Shelving location Date acquired Total Checkouts Full call number Barcode Date last seen Price effective from Koha item type
    Dewey Decimal Classification     Non-fiction SAU Library SAU Library General Stacks 22/07/2009   577.1 AHE 34693 01/01/2015 01/01/2015 Book
    Dewey Decimal Classification     Non-fiction SAU Library SAU Library General Stacks 22/07/2009   577.1 AHE 34692 01/01/2015 01/01/2015 Book
    Dewey Decimal Classification   Not For Loan   SAU Library SAU Library Reference 24/07/2009   577.1 AHE 34691 08/05/2015 08/05/2015 Book